000 00977nam0a22002771 4500
001 rc\4306978
005 20250612043713.0
021 _aRU
_b[59-3804]
035 _a(NLR Aleph) 008505770
090 _a8137680
_c8137680
100 _a20130416d1958 |||y0rusy50 ca
101 0 _arus
102 _aRU
105 _aa z |||||
200 1 _aПочвенная структура и условия ее формирования
_fАкад. наук СССР
210 _aМосква
_aЛенинград
_cИзд-во Акад. наук СССР. [Ленингр. отд-ние]
_d1958
215 _a188 с.
_cил.
_d20
225 1 _aНаучно-популярная серия
320 _aБиблиогр.: с. 179-186
606 _aПочвы
_xСтруктура
_2psbo
700 1 _aВершинин
_bП.В.
_f1899-1960
_gПетр Васильевич
801 0 _aRU
_bNLR
_gpsbo
801 1 _aRU
_bELAR
_2rusmarc
852 _aNLR
_j59-3/790
942 _cBOOK
980 _aNB